Humanior interpretatio

Tallennettuna:
Bibliografiset tiedot
Päätekijä: Palma, Antonio (autore)
Aineistotyyppi: Kirja
Kieli:espanja
Julkaistu: Turín G. Giappichelli 1992
Aiheet:
Tagit: Lisää tagi
Ei tageja, Lisää ensimmäinen tagi!

MARC

LEADER 00000nam a2200000 a 4500
001 UCZ0258
003 CL-VaPUC
008 950728e19920000IT |||||||||||||||||spa|d
082 0 4 |a 340.54  |b PAL  |2 21 
100 |a Palma, Antonio  |e autore  |9 562207 
245 1 0 |a Humanior interpretatio 
246 1 0 |a Humanitas nell'interpretazione e nella normazione da Adriano ai Severi 
300 |a 224 p 
942 |c BK 
945 |d 19950728 00:00:00  |a aalvarez 
260 |a Turín  |b G. Giappichelli  |c 1992 
650 0 |a Derecho romano  |9 255930 
583 |a last modification  |c 19950728 00:00:00  |k Rodrigo Vera 
999 |c 237215  |d 237213 
952 |0 0  |1 0  |4 0  |6 340_540000000000000_PAL_1992  |7 0  |8 DER_ROM  |9 246078  |a BIBDER  |b BIBDER  |d 2019-11-18  |i 3114252  |o 340.54 PAL 1992  |p 3114252  |r 2023-01-25  |w 2019-11-18  |x Ubicación 4to piso  |y BK  |z Este recurso debe solicitarse con anticipación  |k DER